Maryland State Quiz - Statistics

General Stats
  • This quiz has been taken 176 times
  • The average score is 4 of 12
Answer Stats
Hint Answer % Correct
Largest City Baltimore
98%
Capital Annapolis
96%
Second largest city Frederick
51%
Third largest city Rockville
40%
Largest island in Chesapeake Bay Kent Island
36%
Fourth largest city Gaithersburg
24%
Harpers Ferry is at the confluence of Potomac and what river Shanandoah River
17%
What branch of the Potomac is between Maryland and West Virginia North Branch
14%
Above is west of what river Monocacy River
13%
Above is on what river Patuxent River
10%
Above is in what mountain range? Allegheny Mountains
9%
Highest point Backbone Mountain
9%
No matching quizzes found
Score Distribution
Percent of People with Each Score
Percentile by Number Answered
Your Score History
You have not taken this quiz